| 000 | 00523nam a22001937a 4500 | ||
|---|---|---|---|
| 999 |
_c12832 _d12832 |
||
| 008 | 250919b 2025 ||||| |||| 00| 0 eng d | ||
| 020 | _a9789368027201 | ||
| 082 |
_a547 _bCHO |
||
| 100 | _aChouhan, M. S. | ||
| 245 | _aElementary problems in organic chemistry for JEE | ||
| 250 | _a12th ed. | ||
| 260 |
_aMuzaffarnagar, UP _bShri Balaji Publication _c2025 |
||
| 300 | _a528 pgs. | ||
| 650 | _aHydrocarbons | ||
| 650 | _aHaloalkanes and Haloarenes | ||
| 650 | _aBiomolecules | ||
| 650 | _aPolymers | ||
| 942 | _cBK | ||